Normal view MARC view

Entry Topical Term

Number of records used in: 1

001 - CONTROL NUMBER

  • control field: 356529

003 - CONTROL NUMBER IDENTIFIER

  • control field: OSt

005 - DATE AND TIME OF LATEST TRANSACTION

  • control field: 20220927103327.0

008 - FIXED-LENGTH DATA ELEMENTS

  • fixed length control field: 220927|| aca||aabn | a|a d

040 ## - CATALOGING SOURCE

  • Original cataloging agency: OSt
  • Transcribing agency: OSt

150 ## - HEADING--TOPICAL TERM

  • Topical term or geographic name entry element: Agriculture Industry

670 ## - SOURCE DATA FOUND

  • Source citation: Work cat.: (OSt)682517: "UN, Food And Agriculture Organization", Uses of agricultural surpluses to finance economic developments in under - developed countries, 1955
Copyright @ Delhi University Library System